000 00585nam a2200157 a 4500
001 000033222
005 20200930070116.0
008 110823s1945 dr 000 0 spa d
040 _aDO-SdBNP
_bspa
_cBNPHU
082 _axxxx
_bC843i
100 1 _aCotés Bobadilla, Santiago C.
_958854
245 1 3 _aLa no intervención de los estados en los asuntos internos de los demás estados, como medio de asergurar la paz mundial /
_cSantiago C. Cortes Bobadilla.
260 _aCiudad Trujillo, República Dominicana :
_bEditora del Caribe,
_c1945.
300 _a49 p. ;
_c23 cm.
049 _aBNPD
999 _c32713
_d32713